Catálogo

Vista normal Vista MARC

Entrada Personal Name

Número de registros utilizados en: 1

001 - CONTROL NUMBER

  • control field: 5247

003 - CONTROL NUMBER IDENTIFIER

  • control field: DLC

005 - DATE AND TIME OF LATEST TRANSACTION

  • control field: 20260515095653.0

008 - FIXED-LENGTH DATA ELEMENTS

  • fixed length control field: 801114n| azannaabn |b aaa

010 ## - LIBRARY OF CONGRESS CONTROL NUMBER

  • LC control number: n 80128636
  • Canceled/invalid LC control number: n 2013008134

035 ## - SYSTEM CONTROL NUMBER

  • System control number: (OCoLC)oca00509041

040 ## - CATALOGING SOURCE

  • Original cataloging agency: DLC
  • Language of cataloging: spa
  • Transcribing agency: Mx-PuUPA
  • Modifying agency: ICU
  • Modifying agency: Uk
  • Modifying agency: DLC
  • Description conventions: rda
  • Modifying agency: IEN
  • Modifying agency: DLC
  • Modifying agency: Mx-PuUPA

046 ## - SPECIAL CODED DATES

  • Birth date: 19000125
  • Death date: 19751218

100 1# - HEADING--PERSONAL NAME

  • Personal name: Dobzhansky, Theodosius,
  • Dates associated with a name: 1900-1975

370 ## - ASSOCIATED PLACE

  • Place of birth: Nemyriv, Lʹvivsʹka oblastʹ, Ukraine
  • Place of death: Davis, Calif.
  • Associated country: U.S.

374 ## - OCCUPATION

  • Occupation: Genetista
  • Occupation: Autor

375 ## - GENDER

  • Gender: hombre

377 ## - ASSOCIATED LANGUAGE

  • Language code: eng
  • Language code: ukr
  • Language code: rus

400 1# - SEE FROM TRACING--PERSONAL NAME

  • Personal name: Dobzhanskiĭ, Feodosiĭ Grīgorʹevīch,
  • Dates associated with a name: 1900-1975

400 1# - SEE FROM TRACING--PERSONAL NAME

  • Personal name: Добжанский, Феодосий Грігорьевіч,
  • Dates associated with a name: 1900-1975

400 1# - SEE FROM TRACING--PERSONAL NAME

  • Personal name: Dobrjansky, Theodosius,
  • Dates associated with a name: 1900-1975

400 1# - SEE FROM TRACING--PERSONAL NAME

  • Personal name: Dobzhansky, Th.
  • Fuller form of name: (Theodosius),
  • Dates associated with a name: 1900-1975

400 1# - SEE FROM TRACING--PERSONAL NAME

  • Personal name: Dobzhansky, Feodosy Grigorevich,
  • Dates associated with a name: 1900-1975

400 1# - SEE FROM TRACING--PERSONAL NAME

  • Personal name: Dobrzhanskiĭ, Feodosiĭ Grigorʹevich,
  • Dates associated with a name: 1900-1975

400 1# - SEE FROM TRACING--PERSONAL NAME

  • Personal name: Добржанский, Феодосий Григорьевич,
  • Dates associated with a name: 1900-1975

400 1# - SEE FROM TRACING--PERSONAL NAME

  • Personal name: Dobrzhanskiĭ, F. G.
  • Fuller form of name: (Feodosiĭ Grigorʹevich),
  • Dates associated with a name: 1900-1975

400 1# - SEE FROM TRACING--PERSONAL NAME

  • Personal name: Добржанский, Ф. Г.
  • Fuller form of name: (Феодосий Григорьевич),
  • Dates associated with a name: 1900-1975

400 1# - SEE FROM TRACING--PERSONAL NAME

  • Personal name: Dūbzhānskī, Tiʼūdūsiyūs,
  • Dates associated with a name: 1900-1975

400 1# - SEE FROM TRACING--PERSONAL NAME

  • Personal name: دوبژانسکى، تئودوسيوس

670 ## - SOURCE DATA FOUND

  • Source citation: His Genetics and the origin of species, 1982:
  • Information found: t.p. (Theodosius Dobzhansky)

670 ## - SOURCE DATA FOUND

  • Source citation: LC data base, 10-11-89
  • Information found: (hdg.: Dobzhansky, Theodosius Grigorievich, 1900-1975; Dobzhansky, Theodosius Grigorievich, 1900- ; usage: Th. Dobzhansky; Theodosius Dobzhansky); 3-18-2011 (usage: Theodosius Dobzhansky [predominant form])

670 ## - SOURCE DATA FOUND

  • Source citation: Stanovlenie ėvoli︠u︡t︠s︡ionnoĭ teorii F.G. Dobrzhanskogo, 2011:
  • Information found: t.p. (...Ф. Г. Добржанского = ... F.G. Dobrzhanskogo)

670 ## - SOURCE DATA FOUND

  • Source citation: Encyclopaedia Britannica online, Feb. 21, 2013
  • Information found: (Theodosius Dobzhansky, original name: Feodosy Grigorevich Dobzhansky; b. Jan. 25, 1900, Nemirov, Ukraine; d. Dec. 18, 1975, Davis, Calif., U.S.; Ukrainian-American geneticist; moved to Columbia Univ. (U.S.) in 1927; became a U.S. citizen in 1937)

670 ## - SOURCE DATA FOUND

  • Source citation: Virās̲at va nizhād va jāmiʻah, 1964:
  • Information found: t.p. (تئودوسيوس دوبژانسکى = Tiʼūdūsiyūs Dūbzhānskī) t.p. verso (Th. Dobzhansky [in rom.])